[Event "FIDE Grand Prix 1 Pool A"]
[Site "Berlin GER"]
[Date "2022.02.10"]
[Round "6.2"]
[White "Esipenko,Andrey"]
[Black "Nakamura,Hi"]
[Result "1/2-1/2"]
[WhiteElo "2714"]
[BlackElo "2736"]

1.e4 e5 2.Nf3 Nc6 3.Bc4 Bc5 4.d3 Nf6 5.a4 a6 6.O-O d6 7.a5 Ba7 8.c3 O-O 9.h3 h6
10.Be3 Re8 11.Qb3 Qe7 12.Nbd2 Rb8 13.Bxa7 Nxa7 14.d4 Nc6 15.Rfe1 Bd7 16.d5 Na7
17.Bf1 Nh7 18.c4 Ng5 19.Qe3 Nxf3+ 20.Nxf3 Nc8 21.b4 f5 22.Bd3 Qf6 23.exf5 Bxf5
24.Bxf5 Qxf5 25.Nd4 Qf7 26.f4 c6 27.fxe5 cxd5 28.e6 Qg6 29.Rf1 Ne7 30.Rf7 dxc4
31.Raf1 Kh8 32.R1f3 Nc6 33.Nxc6 bxc6 34.e7 Kh7 35.Qf4 Rg8 36.Rg3 Qe6 37.Re3 Qg6
38.Rf8 Re8 39.Rxg8 Kxg8 40.Qxc4+ Qf7 41.Qxa6 Rxe7 42.Rxe7 Qxe7 43.Qxc6 Qe1+
44.Kh2 Qxb4 45.Qd5+ Kh8 46.Qa2 Qf4+ 47.g3 Qd4 48.a6 Qa7 49.h4 d5 50.Qe2 Qd4
51.Qa2 Qa7 52.Kg2 d4 53.Qe2 Qd7 54.Qe4 d3 55.Qb7 Qd8 56.a7 d2 57.a8=Q d1=Q
58.Qxd8+  1/2-1/2

[Event "FIDE Grand Prix 1 Playoff"]
[Site "Berlin GER"]
[Date "2022.02.14"]
[Round "1.2"]
[White "Rapport,R"]
[Black "Nakamura,Hi"]
[Result "1/2-1/2"]
[WhiteElo "2763"]
[BlackElo "2736"]

1.Nf3 d5 2.g3 Nf6 3.Bg2 e6 4.O-O Be7 5.d3 O-O 6.Nbd2 Nc6 7.d4 Ne4 8.c3 f5
9.Ne1 e5 10.Ndf3 Bf6 11.e3 b6 12.Nd3 Re8 13.Re1 Ba6 14.Bh3 Bxd3 15.Qxd3 Qd7
16.Rd1 Rad8 17.b4 Qe6 18.b5 Na5 19.dxe5 Bxe5 20.Nd4 Qh6 21.Bg2 Qf6 22.a4 Bxd4
23.cxd4 c5 24.bxc6 Qxc6 25.Bd2 Nc4 26.Rdc1 Rc8 27.Be1 Qe6 28.Rcb1 a6 29.Rb3 Rc6
30.Rab1 g5  1/2-1/2

[Event "FIDE Grand Prix 1 Playoff"]
[Site "Berlin GER"]
[Date "2022.02.15"]
[Round "2.1"]
[White "Nakamura,Hi"]
[Black "Aronian,L"]
[Result "1/2-1/2"]
[WhiteElo "2736"]
[BlackElo "2772"]

1.e4 e5 2.Nf3 Nc6 3.Bb5 a6 4.Ba4 Nf6 5.O-O Be7 6.Re1 b5 7.Bb3 O-O 8.h3 Bb7
9.d3 d6 10.a3 Qd7 11.Nc3 Nd8 12.Nh2 Ne6 13.Ng4 Kh8 14.Nxf6 Bxf6 15.Qg4 Rae8
16.a4 b4 17.Ne2 Qd8 18.c3 bxc3 19.bxc3 g6 20.Bd5 Bxd5 21.exd5 Nc5 22.Bh6 Nxd3
23.Bxf8 Nxe1 24.Rxe1 Rxf8 25.Qc4 Qa8 26.Rb1 Rb8 27.Rb4 Kg7 28.Ng3 h5 29.Ne4 Bd8
30.a5 Qa7 31.g3 f5 32.Nd2 Rxb4 33.cxb4 e4 34.Nb3 Bf6 35.Kg2 h4 36.gxh4 Kf7
37.h5 gxh5 38.b5 e3 39.f4 Qb8 40.Kf1 axb5 41.Qc6 e2+ 42.Kxe2 Qa7 43.a6 Qg1
44.Qxc7+ Kg6 45.Nd2 Qh2+ 46.Kd1 Qxf4 47.a7 Bg5 48.Qa5 b4 49.Qa2 b3 50.Qa5 Qe3
51.a8=Q Qg1+ 52.Ke2 Qe3+ 53.Kd1 Qg1+ 54.Ke2 Qe3+  1/2-1/2

[Event "FIDE Grand Prix 1 Playoff"]
[Site "Berlin GER"]
[Date "2022.02.16"]
[Round "2.2"]
[White "Aronian,L"]
[Black "Nakamura,Hi"]
[Result "1/2-1/2"]
[WhiteElo "2772"]
[BlackElo "2736"]

1.e4 e5 2.Nf3 Nc6 3.Bc4 Bc5 4.d3 Nf6 5.O-O d6 6.c3 a6 7.a4 Ba7 8.Na3 Ne7
9.Nc2 Ng6 10.Be3 Bxe3 11.Nxe3 O-O 12.a5 c6 13.Bb3 h6 14.Bc2 Re8 15.Re1 Qc7
16.d4 exd4 17.Qxd4 c5 18.Qd2 Bg4 19.Nxg4 Nxg4 20.Qd1 b5 21.axb6 Qxb6 22.Nd2 Qxb2
23.Nc4 Qxc3 24.Nb6 Rab8 25.Nd5 Qb2 26.Rb1 Qa2 27.Ra1 Qb2 28.Rb1 Qa2 29.Ra1 Qb2  1/2-1/2

[Event "FIDE Grand Prix 1 Playoff"]
[Site "Berlin GER"]
[Date "2022.02.17"]
[Round "2.4"]
[White "Aronian,L"]
[Black "Nakamura,Hi"]
[Result "0-1"]
[WhiteElo "2772"]
[BlackElo "2736"]

1.e4 e5 2.Nf3 Nc6 3.Bc4 Bc5 4.O-O Nf6 5.Re1 d6 6.c3 a6 7.d4 Ba7 8.h3 O-O
9.Be3 h6 10.Bb3 Re8 11.Nbd2 Bd7 12.Qb1 Qe7 13.a3 Qf8 14.Qd3 b5 15.Rac1 Na5
16.Ba2 c5 17.b3 Nc6 18.d5 Ne7 19.c4 Ng6 20.b4 cxb4 21.axb4 bxc4 22.Bxc4 Bxe3
23.Rxe3 Reb8 24.Qa3 Qd8 25.Bf1 Bb5 26.Qa5 Bxf1 27.Qxd8+ Rxd8 28.Kxf1 Rdb8
29.Rb3 Rb5 30.Ne1 Ne8 31.Nd3 f5 32.f3 fxe4 33.fxe4 Nf4 34.Nxf4 exf4 35.Ke2 Rab8
36.Rcb1 Nf6 37.Kf3 g5 38.Nc4 Ne8 39.h4 Rc8 40.Na5 Nf6 41.hxg5 hxg5 42.Nc6 Re8
43.Nd4 g4+ 44.Kxf4 Rxe4+ 45.Kf5 Rxd4 46.Kxf6 Rdxd5 47.Rf1 Rh5 48.Rf4 Rh6+
49.Ke7 Rb7+ 50.Kd8 Rh8  0-1

[Event "FIDE Grand Prix 1 Playoff"]
[Site "Berlin GER"]
[Date "2022.02.17"]
[Round "2.3"]
[White "Nakamura,Hi"]
[Black "Aronian,L"]
[Result "1-0"]
[WhiteElo "2736"]
[BlackElo "2772"]

1.e4 e5 2.Nf3 Nc6 3.Bb5 a6 4.Ba4 Nf6 5.O-O Be7 6.Re1 b5 7.Bb3 O-O 8.h3 Bb7
9.d3 d5 10.exd5 Nxd5 11.a4 Nd4 12.Nbd2 Nxb3 13.Nxb3 Nb4 14.Nxe5 Qd5 15.f3 Bd6
16.d4 Rae8 17.axb5 axb5 18.Bd2 Nc6 19.Bf4 Kh8 20.Bh2 Nxe5 21.dxe5 Bxe5 22.Bxe5 Rxe5
23.Rxe5 Qxe5 24.Qd4 Qg5 25.Qc5 Qxc5+ 26.Nxc5 Bd5 27.Ra7 c6 28.Nd3 g6 29.Rc7 Ra8
30.Nb4 Kg7 31.Nxc6 Bxc6 32.Rxc6 Rd8 33.g4 Rd2 34.h4 h5 35.gxh5 gxh5 36.b4 Rd4
37.c3 Rxh4 38.Kg2 Rf4 39.Kg3 Rf5 40.f4 h4+ 41.Kxh4 Rxf4+ 42.Kg5 Rf3 43.Kg4 Rd3
44.Rc5 Kf6 45.Kf4 Ke6 46.Ke4 Rd8 47.Rxb5 Rd1 48.Rb6+ Kd7 49.Rf6 Ke7 50.Rf3 Ke6
51.Rd3 f5+ 52.Kd4 Rb1 53.Re3+ Kf6 54.Re8 f4 55.Rb8 Kf5 56.b5 f3 57.Ke3 Rb3
58.Kd3 Kg4 59.Kc2 f2 60.Rf8 Rxb5 61.Rxf2 Rc5  1-0

[Event "Chess.com Rapid Wk2 Swiss"]
[Site "chess.com INT"]
[Date "2022.02.19"]
[Round "1"]
[White "Deac,Bogdan-Daniel"]
[Black "Nakamura,Hi"]
[Result "0-1"]
[WhiteElo "2679"]
[BlackElo "2736"]

1.e4 c5 2.Nf3 e6 3.d4 cxd4 4.Nxd4 a6 5.c4 Nf6 6.Nc3 Qc7 7.a3 Nc6 8.Be3 b6
9.Rc1 Bb7 10.f3 Nxd4 11.Qxd4 Bc5 12.Qd2 O-O 13.Be2 d5 14.cxd5 exd5 15.Bxc5 bxc5
16.exd5 Rfd8 17.O-O Nxd5 18.Nxd5 Bxd5 19.Qc3 Qb6 20.Rfd1 Be6 21.Rxd8+ Rxd8
22.Qxc5 Qxb2 23.Bxa6 h5 24.Rc2 Qb1+ 25.Rc1 Qb2 26.Rc2 Rd1+ 27.Bf1 Qb1 28.Rf2 h4
29.h3 Rc1 30.Qb4 Qxb4 31.axb4 Bc4 32.f4 f5 33.Rf3 Be2 34.Rf2 Bb5 35.Rf3 Kf8
36.Rf2 Ke7 37.Rf3 Kd6 38.Rf2 Kc7 39.Rf3 Kb6 40.Rf2 Kc7 41.Rf3 Kd6 42.Rf2 Kd5
43.Rd2+ Ke4 44.Rf2 Kd4 45.Rf3 Rb1 46.Rf2 Kc3 47.Rf3+ Kxb4 48.Rf2 Kc5 49.Rf3 Kd4
50.Rf2 Ke4 51.Rf3 Rxf1+ 52.Rxf1 Bxf1 53.Kxf1 Kxf4 54.Kf2 g5 55.Kg1 Kg3 56.Kf1 f4
57.Kg1 f3 58.gxf3 Kxf3  0-1

[Event "Chess.com Rapid Wk2 Swiss"]
[Site "chess.com INT"]
[Date "2022.02.19"]
[Round "2"]
[White "Nakamura,Hi"]
[Black "Dreev,A"]
[Result "1-0"]
[WhiteElo "2736"]
[BlackElo "2623"]

1.Nf3 d5 2.b3 Bg4 3.Bb2 Nd7 4.e3 c6 5.h3 Bh5 6.d3 f6 7.d4 e6 8.c4 Bd6 9.Bd3 Bg6
10.Nc3 Bxd3 11.Qxd3 f5 12.g4 Ne7 13.Ng5 Nf8 14.gxf5 exf5 15.cxd5 cxd5 16.Qb5+ Qd7
17.Qxd7+ Nxd7 18.Nb5 Bb4+ 19.Ke2 O-O 20.Rac1 a6 21.Bc3 Bxc3 22.Nxc3 Rac8
23.Ne6 Rfe8 24.Nf4 Nf6 25.f3 Rc6 26.Kd2 Rec8 27.h4 Kf7 28.Nce2 Rxc1 29.Nxc1 Ng6
30.Nfd3 f4 31.exf4 Nh5 32.Ne2 Kf6 33.Rg1 h6 34.Rg4 Kf5 35.Ne5 Nf8 36.Nc3 Rd8
37.Nd1 Kf6 38.Ne3 g6 39.f5 gxf5 40.Rg8 Nf4 41.Rxf8+ Rxf8 42.Nd7+ Ke7 43.Nxf8 Kxf8
44.Nxf5 h5 45.Ke3 Ng2+ 46.Kf2 Nf4 47.Ng3 Ke7 48.Ne2 Ne6 49.Ke3 Ng7 50.Ng3 Kf6
51.Kf4 Ne6+ 52.Ke3 Ng7 53.Kd3 Kg6 54.Ne2 Nf5 55.Nf4+ Kh6 56.Nxd5 Nxh4 57.Ke4 Ng6
58.Kf5 Nh4+ 59.Ke4 Kg7 60.f4 Ng6 61.f5 Nf8 62.Kf4 Nh7 63.a4 Kf7 64.b4 Nf6
65.Nxf6 Kxf6 66.d5 h4 67.d6 h3 68.Kg3  1-0

[Event "Chess.com Rapid Wk2 Swiss"]
[Site "chess.com INT"]
[Date "2022.02.19"]
[Round "3"]
[White "Erigaisi,Arjun"]
[Black "Nakamura,Hi"]
[Result "0-1"]
[WhiteElo "2633"]
[BlackElo "2736"]

1.Nf3 d5 2.d4 Nf6 3.Bf4 Bf5 4.e3 e6 5.Bd3 Bxd3 6.Qxd3 Nbd7 7.O-O c5 8.c3 Nh5
9.Bg3 c4 10.Qe2 Nxg3 11.hxg3 f5 12.b3 b5 13.a4 a6 14.b4 Bd6 15.axb5 axb5
16.Na3 Rb8 17.Nc2 Qc8 18.Ra5 Bc7 19.Ra7 O-O 20.Rfa1 Rb7 21.Qe1 Nb6 22.Ne5 Rxa7
23.Rxa7 Na4 24.Na3 Bb6 25.Re7 Re8 26.Rd7 Bc7 27.Nxb5 Bxe5 28.Ra7 Bf6 29.Rxa4 Qd7
30.Ra5 Bd8 31.Qa1 Bxa5 32.Qxa5 Qc6 33.Nc7 Rb8 34.Na6 Ra8 35.b5 Qb7 36.Qb4 h6
37.Kh2 Kh7 38.Qc5 Qd7 39.Qb6 Rc8 40.Nc5 Qe8 41.f3 Rb8 42.Qxe6 Qxe6 43.Nxe6 Rxb5
44.Nc7 Ra5 45.g4 fxg4 46.fxg4 Kg6 47.Ne6 Kf7 48.Nf4 g5 49.Ne2 Ra2  0-1

[Event "Chess.com Rapid Wk2 Swiss"]
[Site "chess.com INT"]
[Date "2022.02.19"]
[Round "5"]
[White "Svidler,P"]
[Black "Nakamura,Hi"]
[Result "0-1"]
[WhiteElo "2683"]
[BlackElo "2736"]

1.c4 e5 2.g3 Nf6 3.Bg2 d5 4.cxd5 Nxd5 5.Nc3 Nb6 6.d3 Be7 7.Be3 O-O 8.Rc1 Nc6
9.Bxc6 bxc6 10.Nf3 Bd6 11.Ne4 Qe8 12.Bc5 Qe7 13.Qb3 Rd8 14.O-O Be6 15.Qa3 Bd5
16.Ned2 f6 17.Bxd6 cxd6 18.e4 Be6 19.Rxc6 Rac8 20.Rfc1 Rxc6 21.Rxc6 Qd7 22.Rc1 d5
23.h4 Qf7 24.Rc6 h5 25.Qc3 Rd7 26.b3 Bg4 27.Kg2 Kh7 28.Qc5 dxe4 29.dxe4 Rd3
30.Rd6 Qe7 31.Ng5+ Kg6  0-1

[Event "Chess.com Rapid Wk2 Swiss"]
[Site "chess.com INT"]
[Date "2022.02.19"]
[Round "7"]
[White "Nakamura,Hi"]
[Black "Paravyan,D"]
[Result "1/2-1/2"]
[WhiteElo "2736"]
[BlackElo "2617"]

1.Nf3 Nf6 2.b3 g6 3.Bb2 Bg7 4.d4 O-O 5.e3 b6 6.Be2 Bb7 7.O-O e6 8.c4 d6 9.Qc2 Be4
10.Qc1 Bb7 11.Rd1 Qe7 12.Nc3 Ne4 13.Nxe4 Bxe4 14.d5 Bxb2 15.Qxb2 Bxf3 16.Bxf3 e5
17.b4 Nd7 18.Rac1 a5 19.a3 Ra7 20.Be2 Rfa8 21.Rc2 axb4 22.axb4 Ra3 23.Bf1 h5
24.h3 Kh7 25.Rb1 R8a7 26.Qc1 Qg5 27.c5 bxc5 28.Bb5 Nf6 29.bxc5 Nxd5 30.Bc4 e4
31.Qd2 Ra1 32.Rcc1 Rxb1 33.Rxb1 c6 34.Qd4 Qe5 35.Qxe5 dxe5 36.Bxd5 cxd5 37.Rd1 Rd7
38.c6 Rc7 39.Rxd5 Rxc6 40.Rxe5 Rc4 41.h4 Kg7 42.Kh2 f6 43.Re7+ Kh6 44.Re6 f5
45.Re7 Rc2 46.Kg3 Re2 47.Ra7 Rc2 48.Ra3 Re2 49.f3 exf3 50.gxf3 Rb2 51.Ra7 Rb4
52.Re7 Rc4 53.Ra7 Rb4 54.Rd7 Rc4 55.Rd4 Rc3 56.Kf4 Rc1 57.Ke5 Rf1 58.Rf4 Kg7
59.Ke6 Ra1 60.e4 Ra4 61.Ke5 Ra5+ 62.Ke6 Ra4 63.Ke5 Ra5+ 64.Ke6 Ra4  1/2-1/2

[Event "Chess.com Rapid Wk2 Swiss"]
[Site "chess.com INT"]
[Date "2022.02.19"]
[Round "9"]
[White "Nakamura,Hi"]
[Black "Fedoseev,Vl3"]
[Result "1-0"]
[WhiteElo "2736"]
[BlackElo "2704"]

1.e4 c5 2.Nf3 Nc6 3.c3 d5 4.exd5 Qxd5 5.Na3 Nf6 6.d4 e6 7.Nb5 Qd8 8.dxc5 Bxc5
9.Qxd8+ Kxd8 10.Bf4 Nd5 11.O-O-O Ke7 12.Bg3 a6 13.c4 Nf6 14.Nc3 Rd8 15.Bd3 Bd7
16.a3 a5 17.Rhe1 Nd4 18.Nxd4 Bxd4 19.Nd5+ Nxd5 20.cxd5 Bf6 21.Be4 Ba4 22.Rd2 Rac8+
23.Kb1 b6 24.Bf4 Rc4 25.f3 h6 26.dxe6 Rxd2 27.Bxd2 fxe6 28.Be3 Rc8 29.Re2 b5
30.Bb6 b4 31.Bxa5 bxa3 32.Bb4+ Kf7 33.bxa3 Bd4 34.Bc2 Bb5 35.Rd2 e5 36.f4 Bc4
37.fxe5 Bxe5 38.h3 Rb8 39.Be4 Ke6 40.Rc2 Bb5 41.Ka2 Ba4 42.Rd2 Bf4 43.Re2 Be5
44.Bc2 Bb5 45.Bb3+ Kf5 46.Rc2 Bd3 47.Rc5 Ke4 48.Bc2 Bxc2 49.Rxc2 Bd4 50.Kb3 g5
51.Rc6 h5 52.Kc4 Bg1 53.a4 Ra8 54.a5 Kf4 55.Bd6+ Ke4 56.a6 Bf2 57.Bc5 Bxc5
58.Kxc5 Kf4 59.Kb6 Kg3 60.Rc2 Rb8+ 61.Kc7 Rf8 62.a7 g4 63.hxg4 hxg4 64.Ra2 Kh2
65.Kb7 Rf7+ 66.Ka6 Rf8 67.Kb5 g3 68.Kc6 Ra8 69.Kd5 Rxa7 70.Rxa7 Kxg2 71.Ke4 Kf2
72.Ra2+ Kg1 73.Kf3 g2 74.Rxg2+ Kh1 75.Rg3  1-0

[Event "Chess.com Rapid Wk2 KO"]
[Site "chess.com INT"]
[Date "2022.02.20"]
[Round "1.1"]
[White "Nakamura,Hi"]
[Black "Anton Guijarro,D"]
[Result "1/2-1/2"]
[WhiteElo "2736"]
[BlackElo "2691"]

1.Nf3 d5 2.e3 Nf6 3.b3 Bf5 4.Bb2 e6 5.g3 a5 6.a3 h6 7.Bg2 Be7 8.O-O O-O 9.d3 c6
10.Nbd2 Nbd7 11.Qe2 Qb6 12.Rab1 Qa6 13.Rfe1 Rfd8 14.h3 Bh7 15.Qd1 b5 16.Nh2 Rac8
17.Ng4 c5 18.Nxf6+ Nxf6 19.Qe2 c4 20.bxc4 dxc4 21.dxc4 b4 22.Bxf6 Bxf6 23.axb4 axb4
24.Ne4 Qxc4 25.Nxf6+ gxf6 26.e4 Qxe2 27.Rxe2 Rd4 28.f4 Rcc4 29.Rbe1 Rc3 30.g4 f5
31.gxf5 exf5 32.e5 Bg6 33.Rf2 Kg7 34.Bf1 Bh5 35.e6 fxe6 36.Rxe6 Bf3 37.Bg2 Be4
38.Bxe4 Rxe4 39.Rg2+ Kf7 40.Rxh6 Rxf4 41.Rd2 Rg3+ 42.Kh2 Rg6 43.Rh7+ Ke6
44.Rb7 Rg8 45.Rb6+ Ke5 46.Rb5+ Ke6 47.Rb6+ Ke5 48.Rbd6 Rc4 49.R6d5+ Ke4 50.R5d3 Rgc8
51.Re2+ Kf4 52.Rdd2 R8c5 53.Rg2 Ke5 54.Rge2+ Re4 55.Rf2 f4 56.Rd8 Rec4 57.Rdd2 Kf5
58.Kg2 Ke5 59.h4 Kf5 60.h5 Kg5 61.Kf1 Kxh5 62.Rg2 b3 63.cxb3 Rc1+ 64.Kf2 R5c2
65.Kf3 Rxd2 66.Rxd2 Rc3+ 67.Kxf4 Rxb3  1/2-1/2

[Event "Chess.com Rapid Wk2 KO"]
[Site "chess.com INT"]
[Date "2022.02.20"]
[Round "1.2"]
[White "Anton Guijarro,D"]
[Black "Nakamura,Hi"]
[Result "1/2-1/2"]
[WhiteElo "2691"]
[BlackElo "2736"]

1.d4 Nf6 2.Nf3 e6 3.Bg5 h6 4.Bxf6 Qxf6 5.e4 d5 6.Nbd2 g6 7.Bd3 Bg7 8.Qe2 dxe4
9.Nxe4 Qe7 10.O-O-O Nd7 11.Kb1 b6 12.Bb5 Bb7 13.Ne5 Bxe5 14.Bxd7+ Kxd7 15.dxe5+ Kc8
16.Rd4 a5 17.Rhd1 Bc6 18.f3 Kb7 19.Qd2 a4 20.a3 Ra5 21.f4 g5 22.g3 gxf4 23.Qxf4 Rg8
24.Rf1 Rd8 25.Rfd1 Rdd5 26.Rxd5 exd5 27.Nd2 d4 28.Nf3 Bxf3 29.Qxf3+ Ka7 30.Rxd4 Qxe5
31.Rc4 Qe1+ 32.Ka2 Qe6 33.Qc6 Qxc6 34.Rxc6 Rh5 35.Rxc7+ Kb8 36.Rxf7 Rxh2
37.c3 Rg2 38.Rf4 Rxg3 39.Rxa4 h5 40.Rh4 Rg5 41.Kb3 Kc7 42.c4 Kc6 43.Kb4 Rf5
44.b3 Rg5 45.Rf4 Rg6 46.Rh4 Rg5 47.a4 Rf5 48.Kc3 Rf3+ 49.Kb2 Rf2+ 50.Ka3 Rf5
51.Rh3 Rg5 52.Kb4 Rf5 53.Kc3 Rg5 54.Kd4 Rg4+ 55.Kd3 h4 56.Kc2 Kc5 57.Rf3 Rg5
58.Rh3 Rg2+ 59.Kd3 Rg4 60.Rf3 Rg5 61.Rh3 Rg4 62.Rf3 Rg5 63.Rh3 Rg4  1/2-1/2

[Event "Chess.com Rapid Wk2 KO"]
[Site "chess.com INT"]
[Date "2022.02.20"]
[Round "1.3"]
[White "Nakamura,Hi"]
[Black "Anton Guijarro,D"]
[Result "1-0"]
[WhiteElo "2736"]
[BlackElo "2691"]

1.Nf3 d5 2.b3 Nf6 3.Bb2 Bf5 4.d3 e6 5.g3 h6 6.Ne5 Nbd7 7.Nxd7 Qxd7 8.Bg2 Be7
9.Nd2 O-O 10.e4 Bh7 11.Qe2 Rfd8 12.e5 Ne8 13.O-O a5 14.a4 c5 15.Rfd1 Nc7
16.Nf1 b5 17.Ne3 Rdb8 18.Bc1 bxa4 19.Rxa4 Rb4 20.Ra1 Nb5 21.Qe1 Nd4 22.Bd2 Rb5
23.Bxa5 h5 24.Bc3 Rc8 25.h4 Bg6 26.Bb2 Rbb8 27.Ra2 Ra8 28.Rda1 Rxa2 29.Rxa2 Nc6
30.Ra1 Qb7 31.Qe2 Nd4 32.Qd1 Qc7 33.f4 Qb6 34.Kh2 Rd8 35.Qd2 Rc8 36.Rb1 Ra8
37.Ra1 Rxa1 38.Bxa1 Qa7 39.Bb2 Qa2 40.Qc1 Qa6 41.Qa1 Qb7 42.Bxd4 cxd4 43.Qxd4 Qc7
44.Qb2 Qb6 45.d4 Qa6 46.Bf1 Qa7 47.c3 Bd8 48.b4 Qa8 49.Be2 Qa4 50.Bd1 Qb5
51.Be2 Qa4 52.Kg1 f6 53.Kf2 fxe5 54.fxe5 Bf7 55.Bd1 Qb5 56.Qa2 Qd3 57.Qa8 Qxc3
58.Qxd8+ Kh7 59.Bc2+ g6 60.Qf6 Qd2+ 61.Kf3 Kg8 62.Bxg6  1-0

[Event "Chess.com Rapid Wk2 KO"]
[Site "chess.com INT"]
[Date "2022.02.20"]
[Round "2.1"]
[White "Nakamura,Hi"]
[Black "Paravyan,D"]
[Result "1-0"]
[WhiteElo "2736"]
[BlackElo "2617"]

1.Nf3 Nf6 2.b3 c5 3.e3 g6 4.d4 cxd4 5.Nxd4 Bg7 6.Bb2 O-O 7.Be2 d5 8.O-O Bd7
9.Nd2 Nc6 10.c4 Nxd4 11.Bxd4 Bc6 12.Qc2 Rc8 13.Qb2 dxc4 14.Nxc4 Qd5 15.Bf3 Qf5
16.Be2 Rfd8 17.Rad1 b6 18.f3 Bb7 19.e4 Qe6 20.Ne3 Nh5 21.Bxg7 Nxg7 22.Bc4 Qf6
23.Qxf6 exf6 24.Ng4 Ne8 25.Nh6+ Kf8 26.Nxf7 Rxd1 27.Rxd1 Ke7 28.Nh6 Bc6 29.Ng4 Nd6
30.Ba6 Bb7 31.Bd3 Nf7 32.Kf2 Ne5 33.Ne3 Nxd3+ 34.Rxd3 Rc1 35.Rd2 Ke6 36.h4 Rh1
37.Rc2 Kd6 38.Kg3 h5 39.Rd2+ Ke6 40.Nc4 Ke7 41.Rc2 Kd7 42.e5 Ke6 43.exf6 Kxf6
44.Rd2 Bc8 45.Rd6+ Be6 46.Ne3 Ke7 47.Rc6 Kd7 48.Rc2 b5 49.Rd2+ Kc6 50.Kf4 Rxh4+
51.Kg5 Rh1 52.Kxg6 h4 53.Kf6 h3 54.Kxe6 Re1 55.Rc2+ Kb6 56.gxh3 Rxe3+ 57.Kf5 Rxf3+
58.Kg4 Rf1 59.Rh2 Kc5 60.h4 Kd5 61.h5 Ke6 62.h6 Rg1+ 63.Kf4 Rg8 64.h7 Rh8
65.Kg5 Kf7 66.Kh6 Rb8 67.Rf2+ Ke6 68.Kg7  1-0

[Event "Chess.com Rapid Wk2 KO"]
[Site "chess.com INT"]
[Date "2022.02.20"]
[Round "3.2"]
[White "Caruana,F"]
[Black "Nakamura,Hi"]
[Result "1-0"]
[WhiteElo "2792"]
[BlackElo "2736"]

1.e4 e5 2.Nf3 Nc6 3.Bb5 Nf6 4.d3 Bc5 5.Bxc6 dxc6 6.Bg5 Bd6 7.Nbd2 Be6 8.d4 h6
9.Bh4 Bg4 10.O-O g5 11.Bg3 Nd7 12.h3 Bxf3 13.Qxf3 Qe7 14.Nc4 exd4 15.Nxd6+ cxd6
16.Rad1 Ne5 17.Qf5 c5 18.c3 dxc3 19.Rxd6 Nc4 20.Qxc5 Nxd6 21.Bxd6 Qe6 22.Qb5+ Kd8
23.Be5 Re8 24.Qxb7 c2 25.Qc7+  1-0

[Event "Chess.com Rapid Wk3 KO"]
[Site "chess.com INT"]
[Date "2022.02.27"]
[Round "1.1"]
[White "Nakamura,Hi"]
[Black "Le, Quang Liem"]
[Result "1-0"]
[WhiteElo "2736"]
[BlackElo "2709"]

1.Nf3 d5 2.b3 Bg4 3.e3 e6 4.Bb2 Nf6 5.d3 a5 6.a3 a4 7.b4 c5 8.bxc5 Bxc5 9.Nbd2 Nc6
10.d4 Be7 11.c4 O-O 12.cxd5 exd5 13.Bd3 Qa5 14.O-O b5 15.Qb1 b4 16.Ne5 Nxe5
17.dxe5 bxa3 18.exf6 axb2 19.fxe7 Rfb8 20.e8=Q+ Rxe8 21.Qxb2 a3 22.Qd4 Be6
23.Nb3 Qc7 24.Rfc1 Qd6 25.Bb1 Reb8 26.Ba2 h6 27.Qc5 Qe5 28.Nd4 Rb2 29.Bb3 Qf6
30.Rf1 g6 31.Nxe6 fxe6 32.Bxd5 Rd8 33.Qd4 Qe7 34.Bxe6+ Kh7 35.Bd5 Rb4 36.Qd3 Rh4
37.e4  1-0

[Event "Chess.com Rapid Wk3 Swiss"]
[Site "chess.com INT"]
[Date "2022.02.27"]
[Round "1"]
[White "Keymer,Vincent"]
[Black "Nakamura,Hi"]
[Result "0-1"]
[WhiteElo "2664"]
[BlackElo "2736"]

1.d4 e6 2.c4 b6 3.e4 Bb7 4.Bd3 Nc6 5.Ne2 Nb4 6.Nbc3 Nxd3+ 7.Qxd3 Ne7 8.h4 f5
9.Ng3 fxe4 10.Ngxe4 d5 11.Ng5 Qd7 12.Bf4 dxc4 13.Qxc4 Nd5 14.Bg3 h6 15.Nf3 Bd6
16.Ne5 Bxe5 17.Bxe5 Rc8 18.Rh3 O-O 19.Rg3 Rf7 20.Rd1 Ne7 21.h5 Nc6 22.Rg6 Re8
23.Ne4 Kf8 24.Bg3 Qd5 25.Qe2 Nxd4 26.Nc3 Nxe2 27.Nxd5 exd5  0-1

[Event "Chess.com Rapid Wk3 KO"]
[Site "chess.com INT"]
[Date "2022.02.27"]
[Round "2.1"]
[White "Caruana,F"]
[Black "Nakamura,Hi"]
[Result "1-0"]
[WhiteElo "2792"]
[BlackElo "2736"]

1.e4 e5 2.Nf3 Nc6 3.Bc4 Bc5 4.c3 Nf6 5.d4 exd4 6.cxd4 Bb4+ 7.Nbd2 Nxe4 8.d5 Nxd2
9.Bxd2 Bxd2+ 10.Qxd2 Ne7 11.h4 d6 12.h5 h6 13.O-O-O O-O 14.Rdg1 b5 15.Bb3 Bg4
16.Nh4 c5 17.f3 Bxh5 18.g4 Bg6 19.Nf5 f6 20.Bc2 Kf7 21.Nxg7 Rh8 22.Ne6 Qg8
23.f4 Bxc2 24.Qxc2 Ke8 25.a4 a6 26.Qe2 Kd7 27.axb5 Qb8 28.Nxc5+ Kd8 29.Ne6+ Kd7
30.Nd4 Re8 31.Qe6+ Kc7 32.Kb1 Kb6 33.Rc1 axb5 34.Nc6 Qc7 35.Ne5 Nc6 36.Rxc6+ Qxc6
37.Nxc6 Rxe6 38.dxe6 Kxc6 39.Rxh6 Rg8 40.Rxf6 Rxg4 41.f5 Rg1+ 42.Kc2 Rg2+
43.Kd3 Rxb2 44.Rf8 Rb3+ 45.Ke2 Rb4 46.Kf3 Rb3+ 47.Kf4 Rb4+ 48.Kg5 Re4 49.Kf6  1-0

[Event "Chess.com Rapid Wk3 Swiss"]
[Site "chess.com INT"]
[Date "2022.02.27"]
[Round "2"]
[White "Nakamura,Hi"]
[Black "Vidit,S"]
[Result "1-0"]
[WhiteElo "2736"]
[BlackElo "2727"]

1.Nf3 d5 2.b3 Nf6 3.Bb2 Bf5 4.d3 h6 5.g3 e6 6.Bg2 Be7 7.O-O O-O 8.Ne5 Nbd7
9.Nxd7 Qxd7 10.Nd2 Bh7 11.e3 a5 12.a4 c6 13.Qe2 Rfd8 14.Rfd1 Qc7 15.e4 b5
16.h3 Rac8 17.Kh2 b4 18.Rac1 c5 19.c4 bxc3 20.Bxc3 Qb6 21.Qe1 Qa6 22.Bf1 Qa8
23.Bg2 Qa6 24.f4 Rb8 25.f5 exf5 26.exd5 Bf8 27.Be5 Rb4 28.Bc3 Rbb8 29.Nc4 Nxd5
30.Bxa5 Re8 31.Qf2 Nb4 32.Bxb4 Rxb4 33.Re1 Reb8 34.Ne5 Rxb3 35.Bd5 Rb2 36.Rc2 Rxc2
37.Bxf7+ Kh8 38.Qxc2 Bd6 39.Bc4 Qa5 40.Nf7+ Kg8 41.Nxd6+ Kf8 42.Qe2 Bg6 43.Qe7+  1-0

[Event "Chess.com Rapid Wk3 Swiss"]
[Site "chess.com INT"]
[Date "2022.02.27"]
[Round "3"]
[White "Sarana,A"]
[Black "Nakamura,Hi"]
[Result "0-1"]
[WhiteElo "2685"]
[BlackElo "2736"]

1.d4 e6 2.c4 b6 3.e4 Bb7 4.Bd3 Nc6 5.Nf3 Nb4 6.O-O Ne7 7.Nc3 Nxd3 8.Qxd3 Ng6
9.Bg5 Be7 10.Bxe7 Qxe7 11.d5 O-O 12.Rad1 d6 13.Nd4 Rac8 14.f4 c5 15.dxc6 Bxc6
16.Nxc6 Rxc6 17.g3 a6 18.b3 Rfc8 19.Ne2 Nf8 20.Nd4 R6c7 21.Nf3 Rc6 22.e5 dxe5
23.Nxe5 R6c7 24.Qd6 f6 25.Nf3 b5 26.Qxe7 Rxe7 27.cxb5 axb5 28.Rd2 b4 29.Re1 Ra7
30.Re4 Rca8 31.Rxb4 Rxa2 32.Rxa2 Rxa2 33.Rb8 Kf7 34.Rb7+ Kg8 35.Rb8 Kf7 36.Rb7+ Kg8
37.b4 Rb2 38.b5 Rb4 39.b6 Ng6 40.Kf2 Kf8 41.Ne1 Rb2+ 42.Kf3 Ne7 43.Nd3 Rb3
44.Ke2 Rb5 45.Kd2 Nf5 46.Kc3 Nd6 47.Rb8+ Ke7 48.Nb4 Kd7 49.g4 h5 50.h3 hxg4
51.hxg4 g5 52.fxg5 Rxg5 53.Ra8 Rc5+ 54.Kd3 Rb5 55.Ra7+ Ke8 56.Na6 Rxb6 57.Nc7+ Kf7
58.Ke2 Rb7 59.Rxb7 Nxb7 60.Kf3 Nd6 61.Na6 e5 62.Nc5 Kg6 63.Kg3 Nf7 64.Ne4 Ng5
65.Nd6 Kg7 66.Kf2 Kf8 67.Nf5 Kf7 68.Ke3 Ke6 69.Ng3 Nf7 70.Nh5 Nd6 71.Ng7+ Kf7
72.Nh5 Kg6 73.Kf3 Kg5 74.Ng3 e4+ 75.Ke3 Kxg4 76.Ne2 f5 77.Nc3 f4+ 78.Kd4 e3
79.Kd3 Kf3 80.Ne2 Nf5 81.Ng1+ Kg2 82.Ne2 f3 83.Nf4+ Kf1 84.Ke4 e2 85.Nd3 f2  0-1

[Event "Chess.com Rapid Wk3 Swiss"]
[Site "chess.com INT"]
[Date "2022.02.27"]
[Round "4"]
[White "Nakamura,Hi"]
[Black "So,W"]
[Result "1-0"]
[WhiteElo "2736"]
[BlackElo "2772"]

1.Nf3 d5 2.d4 Nf6 3.c4 e6 4.Nc3 Be7 5.Bg5 h6 6.Bh4 dxc4 7.e3 c5 8.dxc5 Qxd1+
9.Rxd1 Nbd7 10.c6 bxc6 11.Bxc4 Rb8 12.Rd2 Nd5 13.Bxe7 Kxe7 14.Ne2 N7b6 15.Bd3 Nb4
16.b3 Rd8 17.Bb1 Ba6 18.a3 Rxd2 19.Kxd2 Rd8+ 20.Ned4 c5 21.axb4 cxd4 22.e4 f6
23.Bc2 d3 24.Bb1 Rd7 25.Rc1 g5 26.Ne1 f5 27.exf5 exf5 28.Nxd3 Nd5 29.Nc5 Rd6
30.Nxa6 Rxa6 31.Bxf5 Nxb4 32.Be4 Kd6 33.Rc8 Ke5 34.Ke3 Ra3 35.Re8+ Kd6 36.Kd4 a5
37.Rh8 Rxb3 38.Rxh6+ Ke7 39.Ke5 Rb2 40.Rh7+ Kd8 41.Ra7 Rxf2 42.Rxa5 Ke7 43.Rb5 Na2
44.Rb7+ Kf8 45.Rc7 Nb4 46.h3 Na2 47.g4 Nb4 48.Bf5 Re2+ 49.Kd4 Rh2 50.Rc4 Na2
51.Ke5 Rxh3 52.Kf6 Re3 53.Rc8+ Re8 54.Rc4 Re3 55.Rc8+ Re8 56.Rc7 Re3 57.Rh7 Kg8
58.Rh2 Nc3 59.Be6+ Rxe6+ 60.Kxe6 Kg7 61.Kf5 Nd5 62.Kxg5 Ne7 63.Ra2 Kf7 64.Ra7 Ke6
65.Rxe7+ Kxe7 66.Kg6  1-0

[Event "Chess.com Rapid Wk3 Swiss"]
[Site "chess.com INT"]
[Date "2022.02.27"]
[Round "6"]
[White "Nakamura,Hi"]
[Black "Abdusattorov,Nodirbek"]
[Result "1-0"]
[WhiteElo "2736"]
[BlackElo "2651"]

1.Nf3 Nf6 2.b3 c5 3.Bb2 Nc6 4.e3 d5 5.d4 cxd4 6.Nxd4 e6 7.Nxc6 bxc6 8.Be2 Bb4+
9.c3 Bd6 10.c4 O-O 11.Nd2 e5 12.O-O Qe7 13.cxd5 cxd5 14.Rc1 Bb7 15.Bb5 Rad8
16.Qe2 e4 17.Rfd1 Be5 18.Nf1 h5 19.Bxe5 Qxe5 20.Ba6 Bxa6 21.Qxa6 Rd7 22.h3 Rfd8
23.Rc8 Rxc8 24.Qxc8+ Kh7 25.Qc5 Rc7 26.Qa5 Rc2 27.Qxa7 Qb2 28.Qd4 Qxa2 29.Nd2 Qb2
30.Qxb2 Rxb2 31.Kf1 Ne8 32.Ke1 Nc7 33.Ra1 Ne6 34.Ra5 d4 35.Rxh5+ Kg6 36.Re5 d3
37.Rxe4 Nc5 38.Rg4+ Kh7 39.Rc4 Nxb3 40.Nxb3 Rxb3 41.Rf4 f6 42.Kd2 Kg6 43.e4 Kf7
44.e5 Kg6 45.exf6 gxf6 46.Ke3 f5 47.Rd4 Rb1 48.Rxd3  1-0

[Event "Chess.com Rapid Wk3 Swiss"]
[Site "chess.com INT"]
[Date "2022.02.27"]
[Round "7"]
[White "Dubov,Daniil"]
[Black "Nakamura,Hi"]
[Result "1-0"]
[WhiteElo "2720"]
[BlackElo "2736"]

1.d4 Nf6 2.Nf3 d5 3.c4 e6 4.g3 Be7 5.Bg2 O-O 6.O-O dxc4 7.Qc2 b5 8.a4 Bb7
9.axb5 a6 10.Nc3 axb5 11.Rxa8 Bxa8 12.Nxb5 Bd5 13.Bf4 c5 14.dxc5 Bxc5 15.Nc3 Bc6
16.Na4 Bb4 17.Qxc4 Nd5 18.Bxb8 Bxa4 19.Be5 Qd7 20.Rc1 Bb5 21.Qg4 f6 22.Nd4 fxe5
23.Qxe6+ Qxe6 24.Nxe6 Ne7 25.Nxf8 Kxf8 26.e3 Ke8 27.Bf1 Bd7 28.Rc4 Bd6 29.b4 Nd5
30.Rh4 Nxb4 31.Rxh7 Bf8 32.Rh4 Nd5 33.Rc4 Bd6 34.Bg2 Ne7 35.h4 Kf7 36.Be4 Ng8
37.Bd5+ Kf8 38.Bc6 Be6 39.Ra4 Nf6 40.Ra7 Bc5 41.Rb7 e4 42.Rc7 Bd6 43.Ra7 Bg4
44.Bb5 Bf3 45.Bc4 Bh5 46.Ra5 g6 47.Ra7 Ng4 48.Bd5 Bb4 49.Rf7+ Ke8 50.Rf4 Kd7
51.Rxe4 Kd6 52.Rxb4 Kxd5 53.f3 Ne5 54.g4 Nxf3+ 55.Kf2 Ne5 56.gxh5 gxh5 57.Rb5+ Ke4
58.Rxe5+ Kxe5 59.Kf3 Kf5 60.e4+ Kg6 61.Kf4 Kf6 62.e5+ Ke6 63.Ke4 Kf7 64.Kf5 Ke7
65.Kg5 Ke6 66.Kxh5 Kxe5  1-0